| 000 | 01179nam a22003134a 4500 | ||
|---|---|---|---|
| 001 | ebr10152553 | ||
| 003 | CaPaEBR | ||
| 006 | m u | ||
| 007 | cr cn||||||||| | ||
| 008 | 040913s2005 caua s 000 0 eng | ||
| 010 | _z 2004113404 | ||
| 020 | _z078214389X | ||
| 040 |
_aCaPaEBR _cCaPaEBR |
||
| 035 | _a(OCoLC)58797291 | ||
| 050 | 1 | 4 |
_aQA76.3 _b.S477 2005eb |
| 082 | 0 | 4 |
_a005.4/32 _222 |
| 100 | 1 | _aSmith, Roderick W. | |
| 245 | 1 | 0 |
_aLinux+ study guide _h[electronic resource] / _cRoderick W. Smith. |
| 250 | _a3rd ed. | ||
| 260 |
_aSan Francisco, Calif. ; _aLondon : _bSYBEX, _c2005. |
||
| 300 |
_axxxiv, 558 p. : _bill. |
||
| 533 |
_aElectronic reproduction. _bPalo Alto, Calif. : _cebrary, _d2013. _nAvailable via World Wide Web. _nAccess may be limited to ebrary affiliated libraries. |
||
| 630 | 0 | 0 | _aLinux. |
| 650 | 0 |
_aElectronic data processing personnel _xCertification. |
|
| 650 | 0 |
_aOperating systems (Computers) _xCertification _vStudy guides. |
|
| 655 | 7 |
_aElectronic books. _2local |
|
| 710 | 2 | _aebrary, Inc. | |
| 856 | 4 | 0 |
_uhttp://site.ebrary.com/lib/rucke/Doc?id=10152553 _zAn electronic book accessible through the World Wide Web; click to view |
| 999 |
_c95561 _d95561 |
||